[Event "Stare Mesto op"]
[Site "Stare Mesto"]
[Date "2021.08.14"]
[Round "2"]
[White "Vokac, Marek"]
[Black "Antal, Jakub"]
[Result "1-0"]
[WhiteElo "2370"]
[BlackElo "1940"]
[PlyCount "83"]
[EventDate "2021.08.13"]
[EventType "swiss"]
[EventRounds "9"]
[EventCountry "CZE"]
[SourceTitle "CBM 203 Extra"]
[Source "ChessBase"]
[SourceDate "2021.09.30"]
[SourceVersion "1"]
[SourceVersionDate "2021.09.30"]
[SourceQuality "1"]

1. Nf3 Nf6 2. b3 c5 3. Bb2 g6 4. g3 b6 5. Bg2 Bb7 6. 0-0 Bg7 7. e3 0-0 8. d4 d6 9. c4 Nbd7 10. Nc3 Ne4 11. Qc2 Nxc3 12. Bxc3 Qc7 13. d5 Bxc3 14. Qxc3 b5 15. Rfd1 Nb6 16. e4 bxc4 17. bxc4 Ba6 18. Bf1 Qd7 19. e5 Qa4 20. Re1 Nd7 21. e6 fxe6 22. Rxe6 Rxf3 23. Qxf3 Ne5 24. Rxe5 dxe5 25. d6 Rd8 26. Qd5+ Kf8 27. dxe7+ Kxe7 28. Qxe5+ Kf7 29. Re1 Re8 30. Qc7+ Kg8 31. Rxe8+ Qxe8 32. Qxa7 Qc8 33. Bh3 Qxh3 34. Qxa6 Qf5 35. Qa8+ Kg7 36. Qb7+ Kh6 37. a4 Qc2 38. a5 Kg5 39. a6 h5 40. h4+ Kg4 41. Kg2 g5 42. Qf3# 1-0

[Event "Pardubice Czech op-A 32nd"]
[Site "Pardubice"]
[Date "2021.07.31"]
[Round "9"]
[White "Nisipeanu, Liviu Dieter"]
[Black "Vokac, Marek"]
[Result "1/2-1/2"]
[WhiteElo "2656"]
[BlackElo "2370"]
[PlyCount "88"]
[EventDate "2021.07.23"]
[EventType "swiss"]
[EventRounds "9"]
[EventCountry "CZE"]
[SourceTitle "CBM 203 Extra"]
[Source "ChessBase"]
[SourceDate "2021.09.30"]
[SourceVersion "1"]
[SourceVersionDate "2021.09.30"]
[SourceQuality "1"]

1. e4 c5 2. Nc3 Nc6 3. Bb5 Nd4 4. Nf3 e6 5. 0-0 a6 6. Bd3 Nxf3+ 7. Qxf3 d6 8. b3 Ne7 9. Qg3 g6 10. Bb2 Bg7 11. Na4 f6 12. f4 b5 13. e5 0-0 14. exf6 Bxf6 15. Bxf6 Rxf6 16. Nc3 d5 17. Rae1 c4 18. Be2 Bd7 19. bxc4 bxc4 20. Bg4 Qb6+ 21. Kh1 Raf8 22. Ne2 Qd6 23. Rf3 Nc6 24. c3 d4 25. d3 dxc3 26. Nxc3 Rxf4 27. dxc4 Rxf3 28. Bxf3 Qd3 29. Ne4 Qxc4 30. Rd1 Be8 31. h3 Qb4 32. Ng5 Qe7 33. Bg4 e5 34. Qe3 Rf6 35. Ne4 Rf4 36. Bf3 Nd4 37. Rxd4 Rxf3 38. gxf3 exd4 39. Qxd4 Qe6 40. Nf6+ Kf7 41. Ng4 Qe1+ 42. Kg2 Qe2+ 43. Kg3 Qe1+ 44. Kg2 Qe2+ 1/2-1/2

[Event "Pardubice Czech op-A 32nd"]
[Site "Pardubice"]
[Date "2021.07.23"]
[Round "1"]
[White "Ocelak, Jakub"]
[Black "Vokac, Marek"]
[Result "1/2-1/2"]
[WhiteElo "2102"]
[BlackElo "2370"]
[PlyCount "101"]
[EventDate "2021.07.23"]
[EventType "swiss"]
[EventRounds "9"]
[EventCountry "CZE"]
[SourceTitle "CBM 203 Extra"]
[Source "ChessBase"]
[SourceDate "2021.09.30"]
[SourceVersion "1"]
[SourceVersionDate "2021.09.30"]
[SourceQuality "1"]

1. d4 g6 2. c4 Bg7 3. e4 d6 4. Nc3 Nc6 5. Nge2 e5 6. Be3 Nf6 7. d5 Ne7 8. f3 c6 9. Qd2 0-0 10. Nc1 cxd5 11. cxd5 Nh5 12. Nd3 f5 13. Be2 Bd7 14. 0-0 f4 15. Bf2 g5 16. a4 a6 17. a5 Qe8 18. b4 Nf6 19. b5 axb5 20. Rfb1 g4 21. Ne1 Qg6 22. Kh1 g3 23. Bg1 gxh2 24. Bf2 Bh6 25. Nxb5 Nxe4 26. fxe4 f3 27. Be3 fxg2+ 28. Nxg2 Rf2 29. Nh4 Qxe4+ 30. Bf3 Qxe3 31. Qxe3 Bxe3 32. Nxd6 Ng6 33. Nxg6 hxg6 34. Rxb7 Bd4 35. Rab1 Rxf3 36. Rxd7 Rxa5 37. Rb8+ Rf8 38. Ne4 Ra1+ 39. Kxh2 Raf1 40. Rbb7 R8f7 41. d6 Rxd7 42. Rxd7 Rf7 43. Rc7 Bb6 44. Rc6 Bd8 45. Nc5 Kf8 46. d7 Rf6 47. Ne6+ Ke7 48. Nxd8 Rxc6 49. Nxc6+ Kxd7 50. Nxe5+ Ke6 51. Nxg6 1/2-1/2

[Event "Pardubice Czech op-A 31st"]
[Site "Pardubice"]
[Date "2020.09.27"]
[Round "8"]
[White "Vokac, Marek"]
[Black "Vrolijk, Liam"]
[Result "0-1"]
[WhiteElo "2365"]
[BlackElo "2481"]
[PlyCount "110"]
[EventDate "2020.09.21"]
[EventType "swiss"]
[EventRounds "9"]
[EventCountry "CZE"]
[SourceTitle "CBM 198 Extra"]
[Source "ChessBase"]
[SourceDate "2020.11.30"]
[SourceVersion "1"]
[SourceVersionDate "2020.11.30"]
[SourceQuality "1"]

1. Nf3 d5 2. g3 Bg4 3. Bg2 e6 4. c4 c6 5. Qb3 Qb6 6. Ne5 Bh5 7. cxd5 exd5 8. Nc3 Nf6 9. d4 Nbd7 10. Nxd7 Nxd7 11. 0-0 Bd6 12. e4 Qxb3 13. axb3 dxe4 14. Nxe4 Bb4 15. Bd2 Bxd2 16. Nxd2 0-0-0 17. Rxa7 Nb6 18. Ra5 Bg4 19. Nc4 Kc7 20. Ne5 Be6 21. Ra7 Nc8 22. Ra4 Bxb3 23. Rb4 Be6 24. Rc1 Ne7 25. Nd3 Nd5 26. Rbc4 f6 27. Nc5 Rhe8 28. Nxe6+ Rxe6 29. Rc5 Red6 30. Re1 Nb6 31. Bh3 Rxd4 32. Rcc1 Nd5 33. Re2 g6 34. Bg2 Nb4 35. Bf3 R8d7 36. Rc3 Nd3 37. Be4 Nxb2 38. Bxc6 Nd1 39. Bxd7+ Nxc3 40. Rc2 Kxd7 41. Rxc3 b5 42. Kf1 b4 43. Rc5 Kd6 44. Rc8 Re4 45. h4 Kd5 46. Rc7 h5 47. Rb7 Kc4 48. Rb6 b3 49. Rc6+ Kd3 50. Rxf6 b2 51. Rb6 Kc3 52. Rxb2 Kxb2 53. f3 Re8 54. Kf2 Kc3 55. g4 Kd4 0-1

[Event "Pardubice Czech op-A 31st"]
[Site "Pardubice"]
[Date "2020.09.25"]
[Round "5"]
[White "Plat, Vojtech"]
[Black "Vokac, Marek"]
[Result "1-0"]
[WhiteElo "2566"]
[BlackElo "2365"]
[PlyCount "117"]
[EventDate "2020.09.21"]
[EventType "swiss"]
[EventRounds "9"]
[EventCountry "CZE"]
[SourceTitle "CBM 198 Extra"]
[Source "ChessBase"]
[SourceDate "2020.11.30"]
[SourceVersion "1"]
[SourceVersionDate "2020.11.30"]
[SourceQuality "1"]

1. e4 c5 2. Nf3 Nc6 3. c3 d5 4. exd5 Qxd5 5. d4 Bg4 6. Be2 cxd4 7. cxd4 e6 8. Nc3 Qa5 9. 0-0 Nf6 10. h3 Bh5 11. a3 Be7 12. Be3 0-0 13. b4 Qd8 14. Rc1 Rc8 15. g4 Bg6 16. Ne5 a5 17. Nxg6 hxg6 18. b5 Nb8 19. Qb3 Qd6 20. Ra1 Rfd8 21. Bf3 Nd5 22. Nxd5 exd5 23. Rfc1 Rxc1+ 24. Rxc1 b6 25. a4 f5 26. Re1 Kf8 27. Bc1 Qb4 28. Qxb4 axb4 29. Bf4 Nd7 30. g5 b3 31. Bxd5 b2 32. Rb1 Ba3 33. Bc6 Ke7 34. Re1+ Kf7 35. Kf1 Re8 36. Rb1 Re7 37. Bd2 Nf8 38. a5 bxa5 39. b6 Nd7 40. Bxa5 Ke6 41. b7 Nb8 42. d5+ Kd6 43. Bd2 Re4 44. Bc3 Kc7 45. Bxb2 Be7 46. Rc1 Nxc6 47. Rxc6+ Kxb7 48. Rxg6 Bc5 49. Rxg7+ Kb6 50. Rg6+ Kb5 51. Re6 Rb4 52. Re2 f4 53. g6 f3 54. Rd2 Kc4 55. g7 Rb8 56. d6 Bb4 57. Rd4+ Kb3 58. d7 Be7 59. d8Q 1-0

[Event "Pardubice Czech op-E 31st"]
[Site "Pardubice"]
[Date "2020.09.20"]
[Round "6.1"]
[White "Vokac, Marek"]
[Black "Vitak, Jiri"]
[Result "1-0"]
[WhiteElo "2365"]
[BlackElo "2197"]
[PlyCount "89"]
[EventDate "2020.09.17"]
[EventType "team-swiss"]
[EventRounds "7"]
[EventCountry "CZE"]
[SourceTitle "CBM 198 Extra"]
[Source "ChessBase"]
[SourceDate "2020.11.30"]
[SourceVersion "1"]
[SourceVersionDate "2020.11.30"]
[SourceQuality "1"]
[WhiteTeam "Ceske Budejovice"]
[BlackTeam "Turnov Zikuda II"]
[WhiteTeamCountry "CZE"]
[BlackTeamCountry "CZE"]

1. Nf3 Nf6 2. c4 g6 3. Nc3 Bg7 4. e4 0-0 5. d4 d6 6. Be2 Nbd7 7. 0-0 e5 8. Be3 exd4 9. Nxd4 Nc5 10. f3 a5 11. Ndb5 b6 12. Qd2 Bb7 13. Rad1 Qe7 14. Rfe1 Rae8 15. Bf1 Qd7 16. Bh6 Bxh6 17. Qxh6 Qc8 18. Nd4 Ne6 19. Nf5 Kh8 20. Ng3 Ng7 21. Nd5 Nd7 22. Qd2 Qd8 23. Qc3 Kg8 24. f4 f6 25. Qd2 g5 26. Be2 gxf4 27. Qxf4 Bxd5 28. cxd5 Ne5 29. Bh5 Re7 30. Rf1 Kh8 31. Qh6 Nxh5 32. Nxh5 Ref7 33. Rf4 Ng6 34. Rxf6 Qxf6 35. Nxf6 Rxf6 36. Qe3 Ne5 37. h3 R8f7 38. b3 Rg6 39. Rf1 Rgf6 40. Rxf6 Rxf6 41. Qg5 Rf7 42. h4 Nf3+ 43. gxf3 Rg7 44. Kf2 Rxg5 45. hxg5 1-0

[Event "Prague Summer op 7th"]
[Site "Prague"]
[Date "2020.08.13"]
[Round "7"]
[White "Vokac, Marek"]
[Black "Post, Hugo"]
[Result "1-0"]
[WhiteElo "2362"]
[BlackElo "2203"]
[PlyCount "57"]
[EventDate "2020.08.08"]
[EventType "swiss"]
[EventRounds "9"]
[EventCountry "CZE"]
[SourceTitle "CBM 197 Extra"]
[Source "ChessBase"]
[SourceDate "2020.09.30"]
[SourceVersion "1"]
[SourceVersionDate "2020.09.30"]
[SourceQuality "1"]

1. d4 Nf6 2. c4 e6 3. Nf3 b6 4. Nc3 Bb7 5. Bg5 Be7 6. e3 0-0 7. Bd3 c5 8. dxc5 bxc5 9. 0-0 d6 10. Qe2 Nbd7 11. Rad1 Qb6 12. e4 Rab8 13. Rd2 Rfd8 14. Rfd1 Nf8 15. Bb1 Ng6 16. Nh4 Ne5 17. f4 Nc6 18. e5 dxe5 19. fxe5 Ne8 20. Bxe7 Nxe7 21. Rd7 Ng6 22. Bxg6 hxg6 23. Qf2 f5 24. Nxg6 Rxd7 25. Rxd7 Bc6 26. Ne7+ Kf8 27. Ncd5 Bxd5 28. Ng6+ Kg8 29. Qh4 1-0

[Event "WchT Seniors 50"]
[Site "Prague"]
[Date "2020.03.11"]
[Round "6.2"]
[White "Cerny, Martin"]
[Black "Vokac, Marek"]
[Result "0-1"]
[WhiteElo "2123"]
[BlackElo "2348"]
[PlyCount "110"]
[EventDate "2020.03.06"]
[EventType "team-swiss"]
[EventRounds "7"]
[EventCountry "CZE"]
[SourceTitle "CBM 195 Extra"]
[Source "ChessBase"]
[SourceDate "2020.05.31"]
[SourceVersion "1"]
[SourceVersionDate "2020.05.31"]
[SourceQuality "1"]
[WhiteTeam "Czech Republic 50 IV"]
[BlackTeam "Czech Republic 50 II"]
[WhiteTeamCountry "CZE"]
[BlackTeamCountry "CZE"]

1. d4 Nf6 2. c4 c5 3. e3 g6 4. Nc3 Bg7 5. Be2 0-0 6. Bf3 cxd4 7. exd4 Nc6 8. Nge2 d6 9. 0-0 Bg4 10. Bxg4 Nxg4 11. b3 d5 12. h3 Nf6 13. c5 b6 14. cxb6 axb6 15. Be3 Qd7 16. Qb1 Rfc8 17. Rc1 e6 18. Na4 Qb7 19. Qd3 Nd7 20. Nec3 Bf8 21. Nb5 Qa6 22. Qf1 Qb7 23. Bd2 Nf6 24. Rc2 Ne4 25. Be1 Nd6 26. Nxd6 Bxd6 27. Rd1 b5 28. Nc5 Qb6 29. b4 Rc7 30. Qd3 Rca7 31. Qe2 Ne7 32. g4 Kg7 33. Bd2 Ng8 34. Bc1 Nf6 35. a3 h5 36. Kg2 hxg4 37. hxg4 Rh8 38. Rh1 Rxh1 39. Kxh1 Qd8 40. Kg1 Qh8 41. Qf3 Qh2+ 42. Kf1 Qh4 43. g5 Ng4 44. Ke2 Be7 45. Qf4 Bxg5 46. Qxg5 Qxf2+ 47. Kd1 Qxd4+ 48. Ke2 Qf2+ 49. Kd1 Qg1+ 50. Ke2 d4 51. Nd3 Qg2+ 52. Kd1 Qf3+ 53. Ke1 Qxd3 54. Qxg4 Qxc2 55. Qxd4+ e5 0-1

[Event "WchT Seniors 50"]
[Site "Prague"]
[Date "2020.03.09"]
[Round "4.4"]
[White "Vokac, Marek"]
[Black "Potapov, Alexander1111"]
[Result "1/2-1/2"]
[WhiteElo "2348"]
[BlackElo "2413"]
[PlyCount "84"]
[EventDate "2020.03.06"]
[EventType "team-swiss"]
[EventRounds "7"]
[EventCountry "CZE"]
[SourceTitle "CBM 195 Extra"]
[Source "ChessBase"]
[SourceDate "2020.05.31"]
[SourceVersion "1"]
[SourceVersionDate "2020.05.31"]
[SourceQuality "1"]
[WhiteTeam "Czech Republic 50 II"]
[BlackTeam "Russia 50"]
[WhiteTeamCountry "CZE"]
[BlackTeamCountry "RUS"]

1. Nf3 Nf6 2. c4 e6 3. b3 d5 4. Bb2 Be7 5. g3 0-0 6. Bg2 c5 7. cxd5 exd5 8. d4 Nc6 9. 0-0 Be6 10. Nc3 h6 11. Rc1 Re8 12. dxc5 Bxc5 13. Nb5 Bb6 14. Nbd4 Rc8 15. Nxe6 fxe6 16. e3 Qe7 17. Ne5 Nxe5 18. Bxe5 Rc6 19. Rxc6 bxc6 20. Qc2 Ng4 21. Bb2 Rf8 22. Qe2 Qg5 23. Bc1 e5 24. h3 Nf6 25. Qc2 c5 26. Bxd5+ Nxd5 27. e4 Nf4 28. Qc4+ Rf7 29. Kh2 Bc7 30. Rg1 Qh5 31. gxf4 exf4 32. Qe6 Qe2 33. Qe8+ Kh7 34. Qxf7 Qxf2+ 35. Kh1 Qf3+ 36. Kh2 Qf2+ 37. Kh1 Qf3+ 38. Kh2 Qe2+ 39. Kh1 Qxe4+ 40. Rg2 Qe1+ 41. Rg1 Qe4+ 42. Rg2 Qe1+ 1/2-1/2

[Event "WchT Seniors 50"]
[Site "Prague"]
[Date "2020.03.07"]
[Round "2.11"]
[White "Sandten, Ulrich"]
[Black "Vokac, Marek"]
[Result "1/2-1/2"]
[WhiteElo "2100"]
[BlackElo "2348"]
[PlyCount "75"]
[EventDate "2020.03.06"]
[EventType "team-swiss"]
[EventRounds "7"]
[EventCountry "CZE"]
[SourceTitle "CBM 195 Extra"]
[Source "ChessBase"]
[SourceDate "2020.05.31"]
[SourceVersion "1"]
[SourceVersionDate "2020.05.31"]
[SourceQuality "1"]
[WhiteTeam "Germany 50 V"]
[BlackTeam "Czech Republic 50 II"]
[WhiteTeamCountry "GER"]
[BlackTeamCountry "CZE"]

1. d4 g6 2. Nf3 Bg7 3. e4 d6 4. c3 Nf6 5. Nbd2 0-0 6. Bd3 Nc6 7. 0-0 e5 8. dxe5 dxe5 9. Nc4 Nh5 10. a4 Nf4 11. Bc2 Qxd1 12. Rxd1 Ne2+ 13. Kf1 Nxc1 14. Raxc1 Bh6 15. Ra1 f6 16. b4 Be6 17. Bb3 Rad8 18. Ncd2 Kf7 19. Bxe6+ Kxe6 20. Nc4 Rxd1+ 21. Rxd1 Rd8 22. Rxd8 Nxd8 23. Ke2 a6 24. Kd3 Nf7 25. Ne1 b5 26. axb5 axb5 27. Na3 Nd6 28. c4 c6 29. Nec2 f5 30. f3 Bc1 31. c5 Ne8 32. Nb1 Nf6 33. Nc3 h5 34. Ne2 Bh6 35. h3 h4 36. Na1 Nd7 37. Nb3 Nb8 38. Na5 1/2-1/2

[Event "CZE-chT1W 1920"]
[Site "Czech Republic"]
[Date "2020.02.16"]
[Round "8.5"]
[White "Vokac, Marek"]
[Black "Michalik, Peter"]
[Result "0-1"]
[WhiteElo "2340"]
[BlackElo "2578"]
[PlyCount "86"]
[EventDate "2019.10.20"]
[EventType "team-tourn"]
[EventRounds "11"]
[EventCountry "CZE"]
[SourceTitle "CBM 195 Extra"]
[Source "ChessBase"]
[SourceDate "2020.05.31"]
[SourceVersion "1"]
[SourceVersionDate "2020.05.31"]
[SourceQuality "1"]
[WhiteTeam "Ceske Budejovice"]
[BlackTeam "Unichess"]
[WhiteTeamCountry "CZE"]
[BlackTeamCountry "CZE"]

1. d4 Nf6 2. c4 e6 3. Nf3 d5 4. Nc3 c6 5. Bg5 h6 6. Bh4 dxc4 7. e4 g5 8. Bg3 b5 9. Qc2 Nh5 10. Be2 Nd7 11. 0-0-0 g4 12. Bh4 Be7 13. Bxe7 Qxe7 14. Nd2 Nf4 15. g3 Nxe2+ 16. Nxe2 e5 17. f4 Bb7 18. Kb1 0-0-0 19. fxe5 c5 20. Nc3 cxd4 21. Nxb5 Nxe5 22. Nxc4 Kb8 23. Nd2 h5 24. Rhf1 Rh6 25. Qa4 Ra6 26. Qb3 Rb6 27. Qa3 Qxa3 28. Nxa3 Nf3 29. Nac4 Re6 30. e5 Nxe5 31. Nxe5 Rxe5 32. Rxf7 Re2 33. Rf4 d3 34. b4 Rxh2 35. Nb3 Re8 36. Rd4 h4 37. Nc5 Bf3 38. Na6+ Kb7 39. Nc5+ Ka8 40. Na6 Bxd1 41. Nc7+ Kb7 42. Nxe8 hxg3 43. Rc4 Rh8 0-1

[Event "EUR-chT Seniors 50"]
[Site "Mali Losinj"]
[Date "2019.09.18"]
[Round "1.4"]
[White "Vokac, Marek"]
[Black "Wagner Michel, Annett"]
[Result "1-0"]
[WhiteElo "2332"]
[BlackElo "2055"]
[PlyCount "71"]
[EventDate "2019.09.18"]
[EventType "team-swiss"]
[EventRounds "9"]
[EventCountry "CRO"]
[SourceTitle "EXT 2020"]
[Source "ChessBase"]
[SourceDate "2019.10.17"]
[SourceVersion "1"]
[SourceVersionDate "2019.10.17"]
[SourceQuality "1"]
[WhiteTeam "Czech Republic 50"]
[BlackTeam "Germany (Women) 50"]
[WhiteTeamCountry "CZE"]
[BlackTeamCountry "GER"]

1. d4 d5 2. c4 e6 3. Nc3 Nf6 4. Bg5 Be7 5. e3 h6 6. Bf4 0-0 7. h3 a6 8. Nf3 dxc4 9. Bxc4 b5 10. Bb3 Bb7 11. 0-0 Nbd7 12. Qe2 c5 13. Rfd1 Qb6 14. a4 c4 15. Bc2 b4 16. a5 Qc6 17. Ba4 Qc8 18. Nb1 Bxf3 19. Qxf3 Nd5 20. Rc1 N7f6 21. Be5 c3 22. bxc3 Nxc3 23. Nxc3 bxc3 24. Bc6 Ra7 25. Rxc3 Nd7 26. Bg3 Nb8 27. Rb1 Nxc6 28. Qxc6 Qa8 29. Qxa8 Raxa8 30. Rb7 Bd8 31. Bd6 Bxa5 32. Ra3 Rfd8 33. Bc5 Bd2 34. Ra2 Rac8 35. Be7 Rd5 36. Rxd2 1-0

[Event "Stare Mesto op"]
[Site "Stare Mesto"]
[Date "2019.08.24"]
[Round "8"]
[White "Vokac, Marek"]
[Black "Dobrovolsky, Ladislav"]
[Result "1-0"]
[WhiteElo "2319"]
[BlackElo "2253"]
[PlyCount "89"]
[EventDate "2019.08.17"]
[EventType "swiss"]
[EventRounds "9"]
[EventCountry "CZE"]
[SourceTitle "EXT 2020"]
[Source "ChessBase"]
[SourceDate "2019.10.17"]
[SourceVersion "1"]
[SourceVersionDate "2019.10.17"]
[SourceQuality "1"]

1. d4 d5 2. c4 c6 3. Nf3 Nf6 4. Nc3 g6 5. Bf4 Bg7 6. e3 0-0 7. h3 Bf5 8. Be2 dxc4 9. Bxc4 Nbd7 10. 0-0 Nb6 11. Bb3 Nbd5 12. Be5 Qa5 13. Rc1 Nxc3 14. bxc3 Rac8 15. Qe2 c5 16. c4 Rfd8 17. Rfe1 h5 18. d5 Qb6 19. Nh4 Bd7 20. e4 e6 21. d6 Bc6 22. Bc2 Rd7 23. Nf3 Qd8 24. Rcd1 Ne8 25. Bxg7 Nxg7 26. e5 Qa5 27. Ng5 Qxa2 28. Bxg6 Qxe2 29. Bh7+ Kh8 30. Rxe2 Nf5 31. Bxf5 exf5 32. e6 fxe6 33. Rxe6 Kg7 34. f4 a6 35. Re5 Kf6 36. Kf2 h4 37. g3 hxg3+ 38. Kxg3 Ba4 39. Re6+ Kg7 40. Rde1 b5 41. Re7+ Rxe7 42. Rxe7+ Kf6 43. h4 Bb3 44. h5 Bxc4 45. Nh7# 1-0

[Event "Stare Mesto op"]
[Site "Stare Mesto"]
[Date "2019.08.19"]
[Round "3"]
[White "Husek, Martin"]
[Black "Vokac, Marek"]
[Result "1/2-1/2"]
[WhiteElo "2182"]
[BlackElo "2319"]
[PlyCount "67"]
[EventDate "2019.08.17"]
[EventType "swiss"]
[EventRounds "9"]
[EventCountry "CZE"]
[SourceTitle "EXT 2020"]
[Source "ChessBase"]
[SourceDate "2019.10.17"]
[SourceVersion "1"]
[SourceVersionDate "2019.10.17"]
[SourceQuality "1"]

1. e4 g6 2. d4 c6 3. Nc3 d5 4. Nf3 Bg4 5. h3 Bxf3 6. Qxf3 e6 7. exd5 cxd5 8. Bd3 Nc6 9. Ne2 Bg7 10. c3 Nge7 11. Bg5 0-0 12. Bf6 Bxf6 13. Qxf6 Nf5 14. Qxd8 Rfxd8 15. Bxf5 gxf5 16. g4 Ne7 17. Ng3 Kg7 18. gxf5 Nxf5 19. Nxf5+ exf5 20. Kd2 Kf6 21. Rae1 Re8 22. Rxe8 Rxe8 23. Rg1 h5 24. Re1 Re4 25. f3 Re6 26. Rxe6+ fxe6 27. f4 Ke7 28. a4 Kd6 29. b3 Kc6 30. c4 b6 31. Kc3 dxc4 32. bxc4 a5 33. h4 Kd6 34. Kd3 1/2-1/2